000 01487nam0a22003131 4500
001 rc\4720752
005 20250612162829.0
021 _aRU
_b[61-13691]
035 _a(NLR Aleph) 008729150
090 _a9466252
_c9466252
100 _a20130416d1961 |||y0rusy50 ca
101 0 _arus
102 _aRU
105 _ay z |||||
200 1 _aВопросы использования электронных машин для обработки литературных памятников
210 _a[Москва
_cБ. и.
_d1961]
215 _a11 с.
_d22
225 1 _aАкадемия наук СССР. Институт научной информации. Доклады на Конференции по обработке информации, машинному переводу и автоматическому чтению текста
_vВып. 9 [3]
300 _aОписано по 1-й с. На обл. только загл. серии
300 _aОтпеч. множит. аппаратом
606 _aЛитературные памятники
_xИсследование
_2psbo
606 _aСчетные машины и приборы, электронные
_xПрограммирование
_2psbo
606 _aГлоссарии
_xСоставление
_xАвтоматизация
_2psbo
700 1 _aПурто
_bВ.А.
801 0 _aRU
_bNLR
_gpsbo
801 1 _aRU
_bELAR
_2rusmarc
852 _aNLR
_j61-6/1236-9[3]
942 _cBOOK
980 _aNB